00858nam a2200217Ia 4500008004100000040001800041041000800059245009700067260006000164300004500224500003800269500002200307500006500329650004100394650004100435651004500476651004300521700002700564700002700591700002200618130821s1962 xxua gr eng  aCo-BoUCMbspa00aeng00aLandmarks in political economyceditado por Earl J. Hamilton, Albert Ress y Harry G. Johnson aChicago (Illinois, estados Unidos)bPhoenix Booksc1962 a2 volúmenesbilustraciones, gráficas aDonación Dr. Álvaro Daza Roa. aIncluye índice. aSelección de artículos del Journal of Political Economy.04aPolítica monetariazEstados Unidos04aTeoría económicazEstados Unidos 4aEstados UnidosxCondiciones económicas 4aEstados UnidosxPolítica económica1 aHamilton, Earl J.eed.1 aJohnson, Harry G.eed.1 aRess, Alberteed.